| 000 | 00768cam a22002411 4500 | ||
|---|---|---|---|
| 001 | he 65001484 | ||
| 003 | DLC | ||
| 005 | 20260227111434.0 | ||
| 008 | 840613s1964 is 000 0 heb | ||
| 010 | _ahe 65001484 | ||
| 035 | _a(OCoLC)19142041 | ||
| 040 |
_aDLC _cMH _dDLC |
||
| 042 | _apremarc | ||
| 050 | 0 | 0 |
_aTC513.I75 _bM435 |
| 110 | 2 | _aMekoroth Water Company. | |
| 245 | 1 | 3 | _aha-Movil ha-artsi. |
| 260 |
_a[Tel Aviv] : _b[Hutsa le-ʼor ʻal yede ha-memuneh ʻal yaḥase tsibur, Meḳorot, ḥevrat mayim], _c[1964] |
||
| 300 |
_a[32] p. : _bill. (part col.), maps ; _c27 cm. |
||
| 500 | _aCover title. | ||
| 500 | _aIssued also in English under title: Israel's national water carrier. | ||
| 650 | 0 |
_aWater-supply _zIsrael. |
|
| 752 |
_aIsrael _dTel Aviv |
||
| 999 |
_c31385 _d31385 |
||